La reforma de la educación chilena: contexto, contenidos, implementación
Guardat en:
| Autor principal: | |
|---|---|
| Format: | Llibre |
| Idioma: | espanyol |
| Publicat: |
Santiago
Ministerio de Educación
1998
|
| Matèries: | |
| Etiquetes: |
Afegir etiqueta
Sense etiquetes, Sigues el primer a etiquetar aquest registre!
|
MARC
| LEADER | 00000nam a2200000 a 4500 | ||
|---|---|---|---|
| 001 | UCQ3098 | ||
| 003 | CL-VaPUC | ||
| 008 | 980817e19980000CL |||||||||||||||||spa|d | ||
| 082 | 0 | 4 | |a 379.983 |b COX |2 21 |
| 100 | 0 | |a Cox, Cristián |e author |9 417177 | |
| 245 | 1 | 3 | |a La reforma de la educación chilena: contexto, contenidos, implementación |
| 300 | |a 24 p | ||
| 942 | |c BK | ||
| 945 | |d 19980817 00:00:00 |a mvenant | ||
| 260 | |a Santiago |b Ministerio de Educación |c 1998 | ||
| 650 | 0 | |a Reforma educacional |9 256319 | |
| 650 | 0 | |a Política educacional |9 308011 | |
| 650 | 0 | |a Sociología de la educación |9 260380 | |
| 650 | 0 | |a Educación |9 258661 | |
| 651 | 7 | |a CHILE |2 CL-VaPUC |9 417178 | |
| 583 | |a last modification |c 19980817 00:00:00 |k Rodrigo Vera | ||
| 999 | |c 273742 |d 273740 | ||
| 952 | |0 0 |1 0 |4 0 |6 379_983000000000000_COX_1998 |7 0 |8 A |9 309593 |a BIBEDU |b BIBEDU |d 2019-11-20 |i 3442357 |o 379.983 COX 1998 |p 3442357 |r 2019-11-20 |w 2019-11-20 |y BK |k BME | ||
| 952 | |0 0 |1 0 |4 0 |6 379_983000000000000_COX_1998 |7 0 |8 A |9 309594 |a BIBEDU |b BIBEDU |d 2019-11-20 |i 3442349 |o 379.983 COX 1998 |p 3442349 |r 2019-11-20 |w 2019-11-20 |y BK |k BME | ||